000 00570nam a2200181Ia 4500
008 090123s9999 xx 000 0 und d
082 _b21342
100 _aकणेकर शिरिष मधुकर
245 _aगाये चला जा
250 _a0
260 _bमुळे शुभदा
_c1992
300 _a186
600 _aकणेकर शिरिष मधुकर
630 _aगाये चला जा
700 _aकणेकर शिरिष मधुकर
730 _aगाये चला जा
942 _cBOOK
999 _c59413
_d59413